Statistics for Songs in Metallica (Remastered)

Click here to take the quiz!

General Stats

  • This quiz has been taken 8 times
  • The average score is 9 of 12

Answer Stats

No.Answer% Correct
1.Enter Sandman
100%
2.Sad but True
88%
4.The Unforgiven
88%
5.Wherever I May Roam
88%
8.Nothing Else Matters
75%
9.Of Wolf and Man
75%
3.Holier than Thou
63%
10.The God That Failed
63%
7.Through the Never
63%
6.Don't Tread on Me
50%
11.My Friend of Misery
50%
12.The Struggle Within
50%

Score Distribution

Percentile by Number Answered

Percent of People with Each Score

Your Score History

You have not taken this quiz